Macmillan dictionary of marketing and advertising

Saved in:
Bibliographic Details
Main Author: Baker, Michael John
Format: Book
Language:English
Published: London : MacMillan, 1990
Edition:2nd ed.
Series:Macmillan dictionary series
Subjects:
Tags: Add Tag
No Tags, Be the first to tag this record!

MARC

LEADER 00000nam a2200000 i 4500
001 1/45871
008 960304s1990 eng d
020 |a 0-333-51604-4 
035 |l 10026218 
040 |a GR-MY-UA  |b gre  |e aacr 
041 0 |a eng 
082 0 |a Π 658.803 
100 1 |a Baker, Michael John. 
245 1 0 |a Macmillan dictionary of marketing and advertising /  |c Michael J.Baker 
250 |a 2nd ed. 
260 |a London :   |b MacMillan,   |c 1990 
300 |a 272 p. 
490 1 |a Macmillan dictionary series 
650 0 0 |a Marketing. 
830 0 |a Macmillan dictionary series 
852 |a INST  |b CHIOS  |e 19960304  |h 658.803 BAK  |p 005200000757  |q 005200000757  |t REF  |y 23 
909 |a Χ  |b 019747